| 000 | 00600nam a2200181Ia 4500 | ||
|---|---|---|---|
| 003 | GCL | ||
| 005 | 20240530103227.0 | ||
| 008 | 140319s9999 xx 000 0 ara d | ||
| 040 |
_aGCL / _cGCL |
||
| 082 | 0 | 4 |
_a247.1 _bن م |
| 100 | 1 | _aالنجفنى, عبدالرحيم بن محمد حس | |
| 245 | 1 | 0 |
_aالمعارف السلمانية فى كيفية علم الامام وكميته / _cالنجفنى, عبدالرحيم بن محمد حس |
| 300 | _a191 ص | ||
| 650 | 0 | 4 | _aالشيعة |
| 650 | 0 | 4 | _aالامامة |
| 700 | 1 | _aمحمد جميل حمود (تحقيق) | |
| 942 |
_2ddc _cBK |
||
| 999 |
_c37721 _d37721 |
||